Social Background of the Forms of Marriages - An Ancient India (Record no. 1449484)

MARC details
000 -LEADER
fixed length control field 00616nam a2200193Ia 4500
005 - DATE AND TIME OF LATEST TRANSACTION
control field 20250923145302.0
008 - FIXED-LENGTH DATA ELEMENTS--GENERAL INFORMATION
fixed length control field 008 250917s9999 xx 000 0 eng d
037 ## - SOURCE OF ACQUISITION
Stock number Textual
040 ## - CATALOGING SOURCE
Original cataloging agency DSWL
Language of cataloging eng
Transcribing agency DSWL
041 ## - LANGUAGE CODE
Language code of text/sound track or separate title eng
Source of code eng
084 ## - COLON CLASSIFICATION NUMBER
Classification number Y217.B'C, N72.2
Assigning agency DSWL
100 ## - MAIN ENTRY--PERSONAL NAME
Personal name Sastri, Haramba Chatterjee
9 (RLIN) 833687
245 #0 - TITLE STATEMENT
Title Social Background of the Forms of Marriages - An Ancient India
Statement of responsibility, etc. by Haramba Chatterjee Sastri
260 ## - PUBLICATION, DISTRIBUTION, ETC.
Place of publication, distribution, etc. Calcutta
Name of publisher, distributor, etc. Sanskrit Pustak Bhandar
Date of publication, distribution, etc. 1974
300 ## - PHYSICAL DESCRIPTION
Extent 369-623p.
490 ## - SERIES STATEMENT
Volume/sequential designation Vol. II
942 ## - ADDED ENTRY ELEMENTS (KOHA)
Koha item type Textual
Classification part Y217.B'C, N72.2
Holdings
Withdrawn status Lost status Damaged status Not for loan Home library Current library Date acquired Source of acquisition Inventory number Total Checkouts Full call number Barcode Date last seen Price effective from Koha item type
        Department of Social Work Library Department of Social Work Library 2025-09-23 Metorpolitan Book Co. 4572, 26/07/1974   Y217.B'C, N72.2 SW0016663 2025-09-23 2025-09-23 Textual
Copyright @ Delhi University Library System